| 000 | 00700pam a2200229 a 4500 | ||
|---|---|---|---|
| 020 | _a0803923821 | ||
| 020 | _a080392383X (pbk.) | ||
| 040 | _cDLC | ||
| 082 | 0 | 0 | _a306 SAG 1986 A066 Or. |
| 100 | 1 | _aMurstein, Bernard I. | |
| 245 | 1 | 0 | _aPaths to marriage / |
| 260 |
_aBeverly Hills : _bSage Publications, _cc1986. |
||
| 300 |
_a168 p. : _bill. ; _c23 cm. |
||
| 490 | 1 | _aFamily studies text series ; | |
| 500 | _aIncludes indexes. | ||
| 650 | 0 | _aMarriage. | |
| 650 | 0 | _aMate selection. | |
| 650 | 0 | _aDating (Social customs) | |
| 856 | 4 | 2 | _uhttp://www.loc.gov/catdir/enhancements/fy0654/86001884-d.html |
| 856 | 4 | 1 | _uhttp://www.loc.gov/catdir/enhancements/fy0654/86001884-t.html |
| 942 | _cEK | ||
| 999 |
_c14295 _d14295 |
||